Problem Solving and Programming using 'C'/ (Record no. 186215)

MARC details
000 -LEADER
fixed length control field 00576nam a22001817a 4500
005 - DATE AND TIME OF LATEST TRANSACTION
control field 20220217102321.0
010 ## - LCCN (DPL NO)
LC control number ENG-131646
020 ## - INTERNATIONAL STANDARD BOOK NUMBER
International Standard Book Number 97881948784077
Terms of availability 640.00
035 ## - SYSTEM CONTROL NUMBER
System control number EN-115178
037 ## - SOURCE OF ACQUISITION
Source of stock number/acquisition DBAD
082 ## - DEWEY DECIMAL CLASSIFICATION NUMBER
Classification number 005.13
100 ## - MAIN ENTRY--PERSONAL NAME
Personal name Ramesh, R.
245 ## - TITLE STATEMENT
Title Problem Solving and Programming using 'C'/
Statement of responsibility, etc R. Ramesh
260 ## - PUBLICATION, DISTRIBUTION, ETC. (IMPRINT)
Place of publication, distribution, etc Hyderabad
Name of publisher, distributor, etc Spectrum Publishing House
Date of publication, distribution, etc 2021
270 ## - ADDRESS
Address # 326/C, III Floor, Surneni Nilayam Near B K Guda Park, S R Nagar
City Hyderabad
Postal code 500038
300 ## - PHYSICAL DESCRIPTION
Extent viii, 584p.
Dimensions 24cm(pbk)
942 ## - ADDED ENTRY ELEMENTS (KOHA)
Source of classification or shelving scheme Dewey Decimal Classification
Item type English Books
Classification part 005.13
Call number suffix RAM
Holdings
Withdrawn status Lost status Not for loan Collection code Home library Current library Date acquired Source of acquisition Cost, normal purchase price Full call number Barcode Copy number Cost, replacement price Koha item type
      Non-fiction Patel Nagar Patel Nagar 17/02/2022 DBAD/PUB 640.00 005.13 RAM EN-115178 1 640.00 English Books

© Delhi Public Library
Hit Counter
free hit counter